Everyday Miracles (Record no. 11568)

MARC details
000 -LEADER
fixed length control field 00235nam a22000857a 4500
008 - FIXED-LENGTH DATA ELEMENTS--GENERAL INFORMATION
fixed length control field 190705b ||||| |||| 00| 0 eng d
100 ## - MAIN ENTRY--PERSONAL NAME
Personal name Giftson Ranjeeta
9 (RLIN) 7277
245 ## - TITLE STATEMENT
Title Everyday Miracles
260 ## - PUBLICATION, DISTRIBUTION, ETC. (IMPRINT)
Place of publication, distribution, etc. Guduvancheri
Name of publisher, distributor, etc. Ideal Enterprises
Date of publication, distribution, etc. 2016
Holdings
Withdrawn status Lost status Source of classification or shelving scheme Damaged status Koha normalized classification for sorting Not for loan Home library Current library Shelving location Date acquired Total Checkouts Full call number Barcode Date last seen Date last checked out Price effective from Koha item type
    Dewey Decimal Classification   210_000000000000000_E7   Good Samaritan School Library Good Samaritan School Library RELIGION 07/05/2019 1 210 E-7 GIF15460 02/18/2020 02/05/2020 07/05/2019 BOOK
    Dewey Decimal Classification   210_000000000000000_E7   Good Samaritan School Library Good Samaritan School Library RELIGION 07/05/2019   210 E-7 GIF15461 07/05/2019   07/05/2019 BOOK
    Dewey Decimal Classification   210_000000000000000_E7   Good Samaritan School Library Good Samaritan School Library RELIGION 07/05/2019   210 E-7 GIF15462 07/05/2019   07/05/2019 BOOK
    Dewey Decimal Classification   210_000000000000000_E7   Good Samaritan School Library Good Samaritan School Library RELIGION 07/05/2019   210 E-7 GIF15463 07/05/2019   07/05/2019 BOOK
    Dewey Decimal Classification   210_000000000000000_E7   Good Samaritan School Library Good Samaritan School Library RELIGION 07/05/2019   210 E-7 GIF15464 07/05/2019   07/05/2019 BOOK

Powered by Koha